000 00673nam a2200265Ia 4500
005 20260121172111.0
008 008 260114s9999 xx 000 0 eng d
020 _a9781071609873
037 _aEBOOK
040 _aCRL
040 _beng
040 _cCRL
041 _2eng
041 _aeng
084 _qCRL
100 _aJintai Ding, Albrecht Petzoldt, Dieter S. Schmidt
_91084277
245 0 _a Multivariate Public Key Cryptosystems
260 _bSpringer
260 _bSpringer
260 _c2020
856 _uhttps://link.springer.com/openurl?genre=book&isbn=978-1-0716-0987-3
942 _cEBOOK
999 _c1650011
_d1650011